<?xml version="1.0" encoding="UTF-8"?>
<record
    xmlns:xsi="http://www.w3.org/2001/XMLSchema-instance"
    xsi:schemaLocation="http://www.loc.gov/MARC21/slim http://www.loc.gov/standards/marcxml/schema/MARC21slim.xsd"
    xmlns="http://www.loc.gov/MARC21/slim">

  <leader>03544nab a2200277 i 4500</leader>
  <controlfield tag="003">BR-BrBNA</controlfield>
  <controlfield tag="005">20240904212245.0</controlfield>
  <controlfield tag="008">240904b2016    bl.mr|pooa||| 00| 0 eng |</controlfield>
  <datafield tag="040" ind1=" " ind2=" ">
    <subfield code="a">BR-BrBNA</subfield>
    <subfield code="b">eng</subfield>
  </datafield>
  <datafield tag="072" ind1=" " ind2=" ">
    <subfield code="a">U10</subfield>
    <subfield code="b">0331</subfield>
  </datafield>
  <datafield tag="100" ind1=" " ind2=" ">
    <subfield code="a">Brum, Betania </subfield>
  </datafield>
  <datafield tag="100" ind1=" " ind2=" ">
    <subfield code="a">Lopes, Sidinei Jos&#xE9; </subfield>
  </datafield>
  <datafield tag="100" ind1=" " ind2=" ">
    <subfield code="a">Ferreira, Daniel Furtado </subfield>
  </datafield>
  <datafield tag="100" ind1=" " ind2=" ">
    <subfield code="a">Storck, Lindolfo </subfield>
  </datafield>
  <datafield tag="100" ind1=" " ind2=" ">
    <subfield code="a">Cargnelutti Filho, Alberto </subfield>
  </datafield>
  <datafield tag="245" ind1=" " ind2=" ">
    <subfield code="a">Likelihood ratio test between two groups of castor oil plant traits</subfield>
  </datafield>
  <datafield tag="500" ind1=" " ind2=" ">
    <subfield code="a">Publica&#xE7;&#xE3;o on-line; 21 ref.; Sumaries (En, Pt)</subfield>
  </datafield>
  <datafield tag="520" ind1=" " ind2=" ">
    <subfield code="a">

ABSTRACT - The likelihood ratio test (LRT), to the independence between two sets of variables, allows to identify whether there is a dependency relationship between them. The aim of this study was to calculate the type I error and power of the LRT for determining independence between two sets of variables under multivariate normal distributions in scenarios consisting of combinations of 16 sample sizes; 40 combinations of the number of variables of the two groups; and nine degrees of correlation between the variables (for the power). The rate of type I error and power were calculate at 640 and 5,760 scenarios, respectively. A performance evaluation of the LRT was conducted by computer simulation by the Monte Carlo method, using 2,000 simulations in each scenario. When the number of variables was large (24), the TRV controlled the rate of type I errors and showed high power in sizes greater than 100 samples. For small sample sizes (25, 30 and 50), the test showed good performance because the number of variables did not exceed 12.

Key words: Ricinus communis L., type I error, power test, multivariate normal distribution.</subfield>
  </datafield>
  <datafield tag="520" ind1=" " ind2=" ">
    <subfield code="a">

RESUMO - O teste de raz&#xE3;o de verossimilhan&#xE7;a para a independ&#xEA;ncia entre dois grupos de vari&#xE1;veis permite-nos identificar se existe uma rela&#xE7;&#xE3;o de depend&#xEA;ncia entre eles. O objetivo deste trabalho foi calcular o erro tipo I e o poder do teste de raz&#xE3;o de verossimilhan&#xE7;a para independ&#xEA;ncia entre dois grupos de caracteres, com distribui&#xE7;&#xE3;o normal multivariada, em cen&#xE1;rios constitu&#xED;dos pelas combina&#xE7;&#xF5;es de: 16 tamanhos de amostra; 40 combina&#xE7;&#xF5;es de n&#xFA;mero de caracteres dos dois grupos; e nove graus de correla&#xE7;&#xE3;o entre os caracteres (para o poder). A taxa de erro tipo I e o poder foram calculados em 640 e 5.760 cen&#xE1;rios a taxa de erro tipo I e o poder, respectivamente. A avalia&#xE7;&#xE3;o do desempenho do teste de raz&#xE3;o de verossimilhan&#xE7;a foi realizada por meio de simula&#xE7;&#xE3;o computacional pelo m&#xE9;todo Monte Carlo, utilizando-se 2.000 simula&#xE7;&#xF5;es em cada um dos cen&#xE1;rios. Quando o n&#xFA;mero de caracteres &#xE9; grande (24), o teste de raz&#xE3;o de verossimilhan&#xE7;a controla a taxa de erro tipo I e apresenta poder elevado (pr&#xF3;ximo a 100%), em tamanhos de amostra superiores a 100. Para tamanhos amostrais pequenos (25, 30 e 50), o teste apresenta bom desempenho (erro tipo I esperado e poder elevado), desde que o n&#xFA;mero de caracteres n&#xE3;o exceda a 12.

Palavras-chave: Ricinus communis L., Erro tipo I, Poder do teste, distribui&#xE7;&#xE3;o normal multivariada.</subfield>
  </datafield>
  <datafield tag="650" ind1=" " ind2=" ">
    <subfield code="a">MAMONA</subfield>
  </datafield>
  <datafield tag="650" ind1=" " ind2=" ">
    <subfield code="a">MODELO MATEM&#xC1;TICO</subfield>
  </datafield>
  <datafield tag="773" ind1="0" ind2=" ">
    <subfield code="0">2408</subfield>
    <subfield code="9">314929</subfield>
    <subfield code="d">Santa Maria-RS Universidade Federal de Santa Maria - Centro de Ci&#xEA;ncias Rurais 1991</subfield>
    <subfield code="o">2024-1180</subfield>
    <subfield code="t">Ci&#xEA;ncia Rural (Brazil)</subfield>
    <subfield code="x">0103-8478</subfield>
    <subfield code="g">v. 46(7) p. 1158-1164; (2016)</subfield>
    <subfield code="w">BR2024001696</subfield>
  </datafield>
  <datafield tag="856" ind1=" " ind2=" ">
    <subfield code="u">https://www.scielo.br/j/cr/a/jnYn4nknvvZJGPbXmqcXv4B/?format=pdf&amp;lang=en</subfield>
  </datafield>
  <datafield tag="942" ind1=" " ind2=" ">
    <subfield code="c">Anal&#xED;tica</subfield>
  </datafield>
  <datafield tag="999" ind1=" " ind2=" ">
    <subfield code="c">301118</subfield>
    <subfield code="d">301118</subfield>
  </datafield>
</record>
